Gaming Quiz

Random Gaming Quiz

Ingress Glyph-Challenge Quiz Stats

 Plays Quiz not verified by Sporcle

Support Sporcle.
Go Orange.
Score 0/12 Timer 03:00
0 Plays Today
Hint Answer % Correct
Abandon
66.7%
Begin
66.7%
Escape
66.7%
Gain
66.7%
Past
66.7%
Soul
66.7%
XM
66.7%
Impure
33.3%
Knowledge
33.3%
Perfection
33.3%
Safety
33.3%
Seperate
0%

You're not logged in!

Compare scores with friends on all Sporcle quizzes.
OR
Log In

From the Vault

Find the Star: World Capitals VII

by joeydeka

The star we put on the map. Not the ones in the sky. We know where those are.
Remove Ads.
Support Sporcle.
Get the best of Sporcle when you Go Orange. This ad-free experience offers more features, more stats, and more fun while also helping to support Sporcle. Thank you for becoming a member.

Show Comments

Extras

Created Jul 9, 2019ReportNominate

Top Quizzes Today


Score Distribution

Your Account Isn't Verified!

In order to create a playlist on Sporcle, you need to verify the email address you used during registration. Go to your Sporcle Settings to finish the process.

Report this User

Report this user for behavior that violates our Community Guidelines.

Details: